تفسير آيات الربا / (رقم التسجيلة. 17257)

تفاصيل مارك
000 -الفاتح
عناصر البيانات ثابتة الطول 00545cam a2200181 i 4500
005 - تاريخ ووقت آخر معاملة
حقل ضبط 20251127121142.0
008 - عناصر البيانات ثابتة الطول
عناصر البيانات ثابتة الطول 250721s1973 le gr 000 0 ara d
082 14 - رقم تصنيف ديوي العشري
رقم التصنيف 212
رقم المادة س ي د
100 1# - مدخل رئيسي – اسم شخصي
الاسم الشخصي قطب، سيد
علاقة الشخص بالعمل/ دوره مؤلف .
245 10 - بيان العنوان
العنوان تفسير آيات الربا /
بيان المسؤولية سيد قطب .
264 1# - بيانات النشر، التوزيع…إلخ
مكان النشر، التوزيع...إلخ بيروت ,
اسم الناشر، الموزع...إلخ دار الشروق،
تاريخ النشر، التوزيع...إلخ 1973.
300 ## - الوصف المادي
عدد الوحدات المكونة للوعاء 67صفحه.
650 17 - مدخل إضافي بالموضوع - مصطلح موضوعي
مصطلح موضوعي أو اسم جغرافي كعنصر مدخل القرآن الكريم.
650 17 - مدخل إضافي بالموضوع - مصطلح موضوعي
مصطلح موضوعي أو اسم جغرافي كعنصر مدخل تفسير القرآن.
650 17 - مدخل إضافي بالموضوع - مصطلح موضوعي
مصطلح موضوعي أو اسم جغرافي كعنصر مدخل سور القرآن.
942 ## - بيانات إضافية (كوها)
نوع التنصيف Dewey Decimal Classification
نوع المادة (كوها) كتب
المقتنيات
حالة السحب حالة الفقدان مصدر التصنيف حالة التلف غير قابل للإعارة المكتبة الرئيسية المكتبة الحالية موقع الرف تاريخ التزويد الرقم المتسلسل Total Checkouts رقم الإستدعاء الباركود تاريخ آخر ظهور تاريخ الفاتورة نوع المادة (كوها)
    Dewey Decimal Classification     المكتبة المركزية المكتبة المركزية الإعارة 06/07/2004 52297   212 / س ي د 52297 28/07/2025 06/07/2004 كتب
Implemented & Customized by: BBB with SCIT (Smart Chains for Information Technology)

Powered by Koha